| 000 | 00886nam0a22002771 4500 | ||
|---|---|---|---|
| 001 | v19\rc\1805409 | ||
| 005 | 20250619124329.0 | ||
| 035 | _a(NLR Aleph) 004906536 | ||
| 090 |
_a5431854 _c5431854 |
||
| 100 | _a20071224d1906 |||y0rusy50 ca | ||
| 101 | 1 |
_arus _cger |
|
| 102 | _aRU | ||
| 105 | _ay z ||||| | ||
| 200 | 1 |
_aОшибки и промахи в воспитании детей _fПроф. А. Комб, дир. Лозаин. клиники дет. болезней |
|
| 210 |
_aМосква _cт-во М.О. Вольф _d[1906] _eСанкт-Петербург |
||
| 215 |
_a26 с. _d19 |
||
| 700 | 1 |
_aКомб _bА. _gАдольф |
|
| 801 | 0 |
_aRU _bNLR _gpsbo |
|
| 801 | 0 |
_aRU _bRuMoRGB _2psbo |
|
| 801 | 1 |
_aRU _bProSoft-M _2rusmarc |
|
| 852 |
_aNLR _j34.84.7.1507 |
||
| 899 |
_aRuMoRGB _jM 76/54 |
||
| 899 |
_aRuMoRGB _jA 191/582 |
||
| 899 | _aБАН | ||
| 942 | _cBOOK | ||
| 980 | _aNB | ||